000 00533nam a2200157Ia 4500
003 GCL
008 140319s9999 xx 000 0 ara d
040 _aGCL /
_cGCL
082 0 4 _a327.55
_bم ت
100 1 _aمدحت احمد حماد
245 1 0 _aالتقرير الاستراتيجى الايرانى السنوى 2001 - 1421 هـ /
_cمدحت احمد حماد
300 _a325 ص ؛
_c24 سم
650 0 4 _aايران - العلاقات الخارجية
650 0 4 _aايران - الامن القومى
942 _2ddc
_cBK
999 _c57661
_d57661